Five most populated cities of each European Country - Statistics

General Stats
  • This quiz has been taken 66 times
    35 since last reset
  • The average score is 128 of 217
Answer Stats
Country City % Correct
Netherlands Amsterdam
96%
Serbia Belgrade
96%
Germany Berlin
96%
Switzerland Bern
96%
United Kingdom Birmingham
96%
Slovakia Bratislava
96%
Romania Bucharest
96%
Denmark Copenhagen
96%
Finland Helsinki
96%
Ukraine Kyiv
96%
Portugal Lisbon
96%
United Kingdom London
96%
Spain Madrid
96%
France Marseille
96%
Belarus Minsk
96%
Monaco Monaco
96%
Russia Moscow
96%
Norway Oslo
96%
France Paris
96%
Czech Republic Prague
96%
Russia Saint Petersburg
96%
Bosnia and Herzegovina Sarajevo
96%
Bulgaria Sofia
96%
Sweden Stockholm
96%
Estonia Tallinn
96%
Albania Tirana
96%
Vatican City Vatican City
96%
Austria Vienna
96%
Poland Warsaw
96%
Croatia Zagreb
96%
Greece Athens
92%
Montenegro Bar
92%
Spain Barcelona
92%
Belgium Brussels
92%
Hungary Budapest
92%
Moldova Chișinău
92%
Ireland Dublin
92%
Germany Hamburg
92%
Luxembourg Luxembourg
92%
Italy Milan
92%
Iceland Reykjavík
92%
Latvia Riga
92%
Italy Rome
92%
Netherlands Rotterdam
92%
Austria Salzburg
92%
San Marino San Marino
92%
North Macedonia Skopje
92%
Liechtenstein Vaduz
92%
Lithuania Vilnius
92%
Switzerland Zürich
92%
Andorra Andorra la Vella
88%
Belgium Antwerp
88%
Norway Bergen
88%
Ireland Cork
88%
Germany Frankfurt am Main
88%
United Kingdom Glasgow
88%
France Lyon
88%
Sweden Malmö
88%
Germany Munich
88%
Italy Naples
88%
Montenegro Podgorica
88%
Portugal Porto
88%
Kosovo Pristina
88%
Spain Valencia
88%
Denmark Aarhus
85%
Germany Cologne
85%
Switzerland Geneva
85%
Sweden Gothenburg
85%
Ukraine Kharkiv
85%
Poland Kraków
85%
Slovenia Ljubljana
85%
Spain Seville
85%
Czech Republic Brno
81%
Ukraine Donetsk
81%
Austria Graz
81%
United Kingdom Leeds
81%
France Toulouse
81%
Belgium Ghent
77%
Austria Innsbruck
77%
Switzerland Lausanne
77%
Austria Linz
77%
Netherlands The Hague
77%
Greece Thessaloniki
77%
Italy Turin
77%
Poland Łódź
73%
France Nice
73%
Italy Palermo
73%
Croatia Split
73%
Netherlands Utrecht
73%
Bulgaria Varna
73%
Ireland Limerick
69%
Serbia Novi Sad
69%
Bulgaria Plovdiv
69%
Denmark Aalborg
65%
Romania Cluj-Napoca
65%
Albania Durrës
65%
Netherlands Eindhoven
65%
Finland Espoo
65%
Lithuania Kaunas
65%
Slovakia Košice
65%
Belgium Liège
65%
Russia Nizhny Novgorod
65%
Czech Republic Plzeň
65%
Poland Poznań
65%
Finland Tampere
65%
Norway Trondheim
65%
Sweden Uppsala
65%
Poland Wrocław
65%
Spain Zaragoza
65%
Hungary Debrecen
62%
Ireland Galway
62%
Russia Kazan
62%
Ukraine Odesa
62%
Czech Republic Ostrava
62%
Bosnia and Herzegovina Banja Luka
58%
Switzerland Basel
58%
Belgium Charleroi
58%
Ukraine Dnipro
58%
Belarus Gomel
58%
Slovenia Maribor
58%
Serbia Niš
58%
Denmark Odense
58%
United Kingdom Sheffield
58%
Moldova Tiraspol
58%
Russia Samara
54%
Estonia Tartu
54%
Romania Timișoara
54%
Romania Constanța
50%
Finland Oulu
50%
Greece Patras
50%
Croatia Rijeka
50%
Norway Stavanger
50%
Portugal Braga
46%
Bulgaria Burgas
46%
Latvia Daugavpils
46%
Luxembourg Esch-sur-Alzette
46%
Belarus Grodno
46%
Romania Iași
46%
Belarus Vitebsk
46%
Greece Larissa
42%
Malta Mosta
42%
Lithuania Klaipėda
38%
Czech Republic Liberec
38%
Hungary Pécs
38%
Liechtenstein Schaan
38%
Hungary Szeged
38%
Albania Vlorë
38%
Ireland Waterford
38%
Albania Elbasan
35%
Denmark Esbjerg
35%
Belarus Mogilev
35%
Estonia Narva
35%
Kosovo Prizren
35%
Bulgaria Ruse
35%
Albania Shkodër
35%
Portugal Vila Nova de Gaia
35%
Bosnia and Herzegovina Zenica
35%
Iceland Akureyri
31%
Portugal Amadora
31%
Malta Birkirkara
31%
Slovenia Celje
31%
Andorra Escaldes-Engordany
31%
Croatia Osijek
31%
Slovakia Prešov
31%
Finland Vantaa
31%
Croatia Zadar
31%
Moldova Bălți
27%
North Macedonia Bitola
27%
Luxembourg Differdange
27%
Luxembourg Dudelange
27%
Andorra Encamp
27%
Serbia Kragujevac
27%
Norway Kristiansand
27%
Estonia Pärnu
27%
Greece Piraeus
27%
Andorra Sant Julià de Lòria
27%
San Marino Serravalle
27%
Moldova Bender
23%
Latvia Jelgava
23%
Latvia Jūrmala
23%
North Macedonia Kumanovo
23%
Andorra La Massana
23%
Hungary Miskolc
23%
Kosovo Mitrovica
23%
Montenegro Nikšić
23%
Malta Qormi
23%
Moldova Rîbnița
23%
Bosnia and Herzegovina Tuzla
23%
Slovakia Žilina
23%
Liechtenstein Balzers
19%
San Marino Borgo Maggiore
19%
Iceland Kópavogur
19%
Slovenia Kranj
19%
Latvia Liepāja
19%
Lithuania Panevėžys
19%
Lithuania Šiauliai
19%
North Macedonia Tetovo
19%
Slovakia Banská Bystrica
15%
San Marino Domagnano
15%
Liechtenstein Eschen
15%
Kosovo Gjilan
15%
Slovenia Koper
15%
Montenegro Pljevlja
15%
Iceland Reykjanesbær
15%
Malta San Pawl il-Bahar
15%
Liechtenstein Triesen
15%
Sweden Vasteras
15%
Iceland Hafnarfjörður
12%
Montenegro Herceg Novi
12%
Estonia Kohtla-Järve
12%
Kosovo Peja
12%
Malta Żabbar
12%
Luxembourg Ettelbruck
8%
North Macedonia Prilep
8%
Bosnia and Herzegovina Bijeljina
4%
San Marino Fiorentino
0%
Serbia Leskovac
0%
No matching quizzes found
Score Distribution
Percent of People with Each Score
Percentile by Number Answered
Your Score History
You have not taken this quiz since the last reset